Introduction to computer science using Pascal / (Record no. 180479)
[ view plain ]
| 000 -LEADER | |
|---|---|
| fixed length control field | 01541 a2200205 4500 |
| 003 - CONTROL NUMBER IDENTIFIER | |
| control field | Nust |
| 005 - DATE AND TIME OF LATEST TRANSACTION | |
| control field | 20220818142509.0 |
| 010 ## - LIBRARY OF CONGRESS CONTROL NUMBER | |
| LC control number | 88003219 |
| 020 ## - INTERNATIONAL STANDARD BOOK NUMBER | |
| International Standard Book Number | 0534094023 |
| 040 ## - CATALOGING SOURCE | |
| Transcribing agency | Nust |
| 082 00 - DEWEY DECIMAL CLASSIFICATION NUMBER | |
| Classification number | 005.262,MAR |
| 100 1# - MAIN ENTRY--PERSONAL NAME | |
| Personal name | Martins, Joao P |
| 9 (RLIN) | 98061 |
| 245 10 - TITLE STATEMENT | |
| Title | Introduction to computer science using Pascal / |
| Statement of responsibility, etc. | Jo䡯 P. Martins. |
| 260 ## - PUBLICATION, DISTRIBUTION, ETC. | |
| Place of publication, distribution, etc. | Belmont, Calif. : |
| Name of publisher, distributor, etc. | Wadsworth Pub. Co., |
| Date of publication, distribution, etc. | c1989. |
| 300 ## - PHYSICAL DESCRIPTION | |
| Extent | xxii, 537 p. : |
| Other physical details | ill. ; |
| Dimensions | 25 cm. |
| 505 ## - FORMATTED CONTENTS NOTE | |
| Formatted contents note | Computers and Algorithms (Page-1), Chapter 2 Sl,ntax and Semantics (Page-25), Chapter 3 Structure ofa program (Page-45), 4 Development of programs (Page-75), Chapter 5 Elementary Data Types (Page-91), Chapter 6 Control Structures 1, Sequencing (Page-121), Chapter 7 Control Strucrures 2: Selection (Page-159), Chapter g Control Structures 3: Repetition (Page-193), Chapter 9 Subprograms Revisited (Page-205), Chapter t0 Structured Data Types 1,Arr; (Page-255), Chapter I I Structured Oata tlpes Z, n .ord, (Page-299), Chapter 12 Structured Oata fypes 3, Sets (Page-327), Chapter l3 :ZZ Structured Oats q,pes 4: Files (Page-353), Chapter 14 Dyramic Data T!,pes: pointers Chapter (Page-373), Abstract Data Tlzpes (Page-395), Chapter 16 The Stack as an Absrract Data Type (Page-407), Chapter I 7 The Lisr as an abstract data type (Page-431), Chapter 18 The Tree as an Abstract Oata qrpe (Page-455), Chapter 19 Hardware and Software (Page-477). |
| 650 #0 - SUBJECT ADDED ENTRY--TOPICAL TERM | |
| Topical term or geographic name entry element | Computer programming. |
| 650 #0 - SUBJECT ADDED ENTRY--TOPICAL TERM | |
| Topical term or geographic name entry element | Pascal (Computer program language) |
| 9 (RLIN) | 14014 |
| 942 ## - ADDED ENTRY ELEMENTS (KOHA) | |
| Source of classification or shelving scheme | |
| Koha item type | Book |
| Call number prefix | 005.262,MAR |
| Withdrawn status | Lost status | Source of classification or shelving scheme | Damaged status | Not for loan | Permanent Location | Current Location | Shelving location | Date acquired | Full call number | Barcode | Date last seen | Price effective from | Koha item type | Public note |
|---|---|---|---|---|---|---|---|---|---|---|---|---|---|---|
| Military College of Signals (MCS) | Military College of Signals (MCS) | General Stacks | 12/12/2016 | 005.262,MAR | MCS2500 | 12/08/2016 | 12/12/2016 | Book | Almirah No.5, Shelf No.4 |
